The Kingdom of the horse

Bibliographic Details
Main Author: Edwards, Elwyn Hartley
Format: Book
Published: London : Salamander Book Limited , 1991
Subjects:

MARC

LEADER 00000cam a2200000 7i4500
001 0000004352
002 000004676
005 20000330.0
020 |a 0861016297 
090 0 0 |a 636.1   |b EDW 
100 1 |a Edwards, Elwyn Hartley 
245 1 4 |a The Kingdom of the horse   |c Elwyn Hartley Edwards 
260 |a London :   |b Salamander Book Limited ,   |c 1991 
300 |a 214p. ;   |c 24cm. 
650 0 0 |a Horses 
999 |a 037394   |b BUKU   |c RUJUKAN   |e PERPUSTAKAAN KOMUNITI PETALING JAYA